000 01110cam a2200277 4500
001 B493
008 090401t1986 xxu||||| |||| 00| 0 eng d
022 _a1369-5630
035 _a(Sirsi) u36203
041 _aeng
050 _a692.8
_c18
090 _aRICS 1986/39A
110 _aRoyal Institution of Chartered Surveyors
_bJunior Organisation Quantity Surveyors Divisional Committee
_94445
245 _aJO (QS) survey of contracts in use in 1985
250 _a2nd ed.
260 _aLondon
_bRICS
_c1986
300 _a14p.
_c30cm.
490 _aContracts in Use
_v1985
650 _aBUILT ENVIRONMENT-BUILDING CONTRACT FORMS-STANDARD FORMS OF BUILDING CONTRACT-GC/WORKS CONTRACTS
650 _aBUILT ENVIRONMENT-BUILDING CONTRACT FORMS-STANDARD FORMS OF BUILDING CONTRACT-INSTITUTION OF CIVIL ENGINEERS CONTRACTS
650 _aBUILT ENVIRONMENT-BUILDING CONTRACT FORMS-STANDARD FORMS OF BUILDING CONTRACT-JOINT CONTRACTS TRIBNUAL CONTRACTS
690 _aBUILT ENVIRONMENT-BUILDING CONTRACT FORMS
710 _aRoyal Institution of Chartered Surveyors
_94900
942 _n0
948 _c04/03/1997
999 _c90209
_d90209